|
|
|
|
| LEADER |
02156nam a2200493 i 4500 |
| 001 |
nkc20213378201 |
| 003 |
CZ PrNK |
| 005 |
20220328144700.0 |
| 007 |
ta |
| 008 |
211207s2021 xr a a 000 j cze |
| 015 |
|
|
|a cnb003378201
|
| 020 |
|
|
|a 978-80-7637-195-8
|q (vázáno) :
|c Kč 289,00
|
| 035 |
|
|
|a (OCoLC)1310113367
|
| 040 |
|
|
|a ABG001
|b cze
|e rda
|
| 072 |
|
7 |
|a 821.162.3-3
|x Česká próza
|2 Konspekt
|9 25
|
| 072 |
|
7 |
|a 821-93
|x Literatura pro děti a mládež (beletrie)
|2 Konspekt
|9 26
|
| 080 |
|
|
|a 821.162.3-32
|2 MRF
|
| 080 |
|
|
|a 821-93
|2 MRF
|
| 080 |
|
|
|a (0.027.6)74/77
|2 MRF
|
| 080 |
|
|
|a (0:82-32)
|2 MRF
|
| 100 |
0 |
|
|a Toy Box,
|d 1985-
|7 xx0058060
|4 aut
|4 ill
|
| 245 |
1 |
0 |
|a Tma /
|c Toy Box
|
| 250 |
|
|
|a Vydání první
|
| 264 |
|
1 |
|a V Praze :
|b Paseka,
|c 2021
|
| 300 |
|
|
|a 63 stran :
|b barevné ilustrace ;
|c 23 x 29 cm
|
| 336 |
|
|
|a text
|b txt
|2 rdacontent
|
| 336 |
|
|
|a statický obraz
|b sti
|2 rdacontent
|
| 337 |
|
|
|a bez média
|b n
|2 rdamedia
|
| 338 |
|
|
|a svazek
|b nc
|2 rdacarrier
|
| 500 |
|
|
|a "Napsala a nakreslila Toy_Box"--Tiráž
|
| 520 |
2 |
|
|a Autorská kniha s příběhem o strachu z neznámého, ve kterém hlavní roli hrají celostránkové ilustrace plné fantazie.
|b Jednou v neděli se nad město přihnal obrovský vítr. Po nebi honil mraky, rámusil s uvolněnou střechou na kůlně a přinesl také něco tajemného, temného, co se usadilo za kuchyňským oknem. Klárka a Jáchym jsou sice nebojácní, ale tohle skutečně vypadá jako strašidlo. Ještěže jejich maminka chodí na box a dokáže se té černočerné věci postavit. Nakladatelská anotace. Kráceno.
|
| 521 |
8 |
|
|a Pro děti od 4 let
|
| 655 |
|
7 |
|a české příběhy
|7 fd133973
|2 czenas
|
| 655 |
|
7 |
|a autorské knihy
|7 fd756049
|2 czenas
|
| 655 |
|
7 |
|a publikace pro děti
|7 fd133156
|2 czenas
|
| 655 |
|
9 |
|a Czech stories
|2 eczenas
|
| 655 |
|
9 |
|a authors' books
|2 eczenas
|
| 655 |
|
9 |
|a children's literature
|2 eczenas
|
| 910 |
2 |
|
|a BOA001
|b 4-1483.022
|
| 920 |
|
|
|a 4624972
|z ABG001
|
| 990 |
|
|
|a BK
|
| 995 |
|
|
|a 01
|
| 991 |
|
|
|b 202203
|c NOV
|
| 996 |
6 |
|
|b 2610896526
|c 4-1483.022
|l MZK
|r Sklad / do 1 hodiny
|n 0
|p p.v.
|w 001880085
|u 000010
|a 1
|e BOA001
|j MZK50
|s P
|